| 000 | 00504 a2200181 4500 | ||
|---|---|---|---|
| 003 | OSt | ||
| 005 | 20230826162226.0 | ||
| 008 | 230826b |||||||| |||| 00| 0 eng d | ||
| 020 | _a9788131733547 | ||
| 040 | _coclc | ||
| 082 |
_a658 _bROB/E |
||
| 100 |
_aRobbins, Stephen P _d1943- _91502 |
||
| 245 |
_aESSENTIALS OF MANAGEMENT/ _cStephen P Robbins |
||
| 250 | _a6th ed. | ||
| 260 |
_aChennai: _bPearson, _c2022. |
||
| 300 | _a332 p | ||
| 942 |
_2ddc _cBK _h658 _iROB/E _k658 _mROB/E |
||
| 999 |
_c42027 _d42027 |
||